| 000 | 00829nam a22002417a 4500 | ||
|---|---|---|---|
| 005 | 20170123162336.0 | ||
| 010 | _aA-243718 | ||
| 020 | _c40.00 | ||
| 035 | _aA-243718 | ||
| 037 | _bCen Lib/Ret | ||
| 040 |
_aDPL _bUR |
||
| 082 |
_a921 _bر ش ی |
||
| 245 |
_aرشید احمد صدیقی : _cمرتبین اصغر عبّاس _bاثار رو اقرار / |
||
| 246 |
_aRsheed AHmad Sidiqi : asar ro iqraar / _bedited by Asghar Abbas |
||
| 260 |
_bشبہ اردو علیگڑھ مسلم یونیورسٹی _aعلیگڑھ _c1984 |
||
| 270 | _bعلیگڑھ | ||
| 300 |
_a404p. _c21cm(Hb) |
||
| 650 |
_aادب -- اردو _9124278 |
||
| 650 |
_aاردو سوانے عمری _9124279 |
||
| 650 |
_aLiterature -- urdu _9124280 |
||
| 650 |
_aurdu biography _9511 |
||
| 942 |
_2ddc _cUR _h921 _mر ش ی |
||
| 999 |
_c108165 _d108165 |
||